000 00580cab a2200217 4500
001 ABS43033
008 090401t1990 xxu||||| |||| 00| 0 eng d
035 _a(Sirsi) u40080
041 _aeng
100 _aHarris, S.
245 _aAre the tenants bats?
260 _c1990
350 _a0
490 _aValuer (ISVA)
_v59(6) July 1990, 5-6 (2)
520 _aGives advice on dealing with bats in buildings.
650 _aNATURE CONSERVANCY COUNCIL
650 _aPROTECTED SPECIES
690 _aBUILT ENVIRONMENT-BUILDING INSPECTION
942 _n0
948 _c04/03/1997
999 _c25672
_d25672